=LDR 00000nam 2200000 4500 =001 INLIS000000000019622 =005 20130612114647 =008 ***********************************Ind** =035 ##$$0010-061300000019622 =041 ##$$a Ind =082 ##$$a 531 =090 ##$$a 531, Sar m =100 ##$$a Saroyo, Ganiyanti Aby =245 ##$$a Mekanjka, Ganiyanti Aby Sarojo =260 ##$$a 2002 $b Jakarta =300 ##$$a ix, 413 hlm, ilus, 26 cm =650 ##$$a Fisika mekanika =850 ##$$a NBPNMAT